000 00839 a2200217 4500
001 26684
005 20260407155545.0
008 260407a1998 arg spa d
003 AR-UNSa-BCEJYS
040 _aAR-UNSa-BCEJYS
_bspa
_cAR-UNSa-BCEJYS
080 _a347(094.4)
_xCódigo Civil
245 1 0 _aCódigo Civil de la República Argentina
_py legislación complementaria
020 _a950-20-1126-0
250 _a39a. ed.
264 1 _aBuenos Aires :
_bAbeledo Perrot
_c1998
300 _a1295 p.
505 _a1. Títulos preliminares - Libro 1: De las personas - Libro 2: De los derechos personales en las relaciones civiles - Libro 3: De los derechos reales - Libro 4: De los derchos reales y personales. Disposiciones comunes.
942 _cBK
590 _aniveau_biblio:m niveau_hierar:0
100 1 _aArgentina [Código Civil]
999 _c1486
_d1486